000 00428nam a2200145Ia 4500
008 220216s9999 xx 000 0 und d
100 _aZhenqgiang Peng
245 0 _aRegister of animal pests of rubber trees in China
260 _bProceedings of IRRDB Symposium 1999, Hainan, Peoples Republic of China. pp.318-324.
650 _aAnimal pests
650 _aChina
700 _aQian Jin
700 _aYueguan Fu
942 _cJS
999 _c66622
_d66622